[Event "21st European Teams"]
[Site "Hersonissos GRE"]
[Date "2017.10.28"]
[Round "1.16"]
[Board "3"]
[White "Beukema, Stefan"]
[Black "Aleksandrov, Aleksej"]
[Result "0-1"]
[WhiteTitle "IM"]
[BlackTitle "GM"]
[WhiteElo "2378"]
[BlackElo "2588"]
[WhiteTeam "Belgium"]
[BlackTeam "Belarus"]
[WhiteFideId "1024523"]
[BlackFideId "13500139"]
[EventDate "2017.10.28"]

1. e4 e5 2. Nf3 Nc6 3. Bc4 Bc5 4. c3 Nf6 5. d3 d6 6. Bb3 a6 7. Nbd2 O-O 8. Nf1
d5 9. Qe2 dxe4 10. dxe4 Ng4 11. Bg5 Bxf2+ 12. Qxf2 Nxf2 13. Bxd8 Nd3+ 14. Ke2
Rxd8 15. Ne3 Be6 16. Bc2 Nf4+ 17. Kf2 f6 18. g3 Nd3+ 19. Ke2 Nxb2 20. Bb3 Bf7
21. Rhb1 Nd3 22. Bxf7+ Kxf7 23. Rxb7 Rac8 24. Rd1 Nc5 25. Rxd8 Nxd8 26. Rb4 a5
27. Rc4 Nde6 28. Nd2 Rb8 29. Nd5 Rb2 30. Nxc7 Rxa2 31. Nxe6 Nb3 32. Nd8+ Ke7 33.
Nc6+ Kd6 34. Nb8 a4 35. Rc6+ Ke7 36. Ra6 Rxd2+ 37. Ke3 Rc2 38. Ra7+ Kd6 39. Kd3
Rxh2 40. Kc4 Nd2+ 41. Kd3 Nb3 42. Kc4 Rb2 43. Rxa4 Nc5 44. Rb4 Rxb4+ 45. cxb4
Nxe4 46. b5 h5 47. b6 g5 48. Kb5 h4 49. gxh4 gxh4 50. Na6 Kd7 0-1

[Event "21st European Teams"]
[Site "Hersonissos GRE"]
[Date "2017.10.28"]
[Round "1.16"]
[Board "4"]
[White "Fedorov, Alexei"]
[Black "Claesen, Pieter"]
[Result "1-0"]
[WhiteTitle "GM"]
[BlackTitle "IM"]
[WhiteElo "2582"]
[BlackElo "2316"]
[WhiteTeam "Belarus"]
[BlackTeam "Belgium"]
[WhiteFideId "13500465"]
[BlackFideId "200727"]
[EventDate "2017.10.28"]

1. e4 e6 2. Qe2 c5 3. f4 Nc6 4. Nf3 g6 5. Na3 a6 6. c3 Nge7 7. g3 Bg7 8. Bg2 O-O
9. O-O b5 10. Nc2 d5 11. e5 a5 12. d3 Ba6 13. Be3 c4 14. dxc4 b4 15. Nd2 bxc3
16. bxc3 Qc8 17. Bc5 Rd8 18. Qf2 Rb8 19. Rfb1 Rxb1+ 20. Rxb1 Bxc4 21. Nxc4 dxc4
22. Ne3 Rd3 23. Be4 Rxc3 24. Nd1 Nxe5 25. fxe5 1-0

[Event "21st European Teams"]
[Site "Hersonissos GRE"]
[Date "2017.10.28"]
[Round "1.17"]
[Board "1"]
[White "Markus, Robert"]
[Black "Mehmeti, Dritan"]
[Result "1-0"]
[WhiteTitle "GM"]
[BlackTitle "IM"]
[WhiteElo "2644"]
[BlackElo "2428"]
[WhiteTeam "Serbia"]
[BlackTeam "Albania"]
[WhiteFideId "921637"]
[BlackFideId "4700600"]
[EventDate "2017.10.28"]

1. d4 c5 2. d5 Nf6 3. Nc3 g6 4. e4 d6 5. Nf3 Bg7 6. Be2 O-O 7. O-O Na6 8. Bf4
Nc7 9. a4 Bg4 10. Qd3 Bxf3 11. Qxf3 Nd7 12. Qg3 a6 13. h4 Rb8 14. a5 b5 15. axb6
Rxb6 16. Nd1 Nf6 17. Bf3 Qd7 18. Re1 h5 19. c3 Rfb8 20. Bc1 Qc8 21. Ne3 Rxb2 22.
Bxb2 Rxb2 23. e5 dxe5 24. Qxe5 Ng4 25. Bxg4 hxg4 26. Qxe7 Bxc3 27. d6 Ne6 28. d7
Qf8 29. Nd5 Bxe1 30. Rxe1 Rd2 31. Rxe6 1-0

[Event "21st European Teams"]
[Site "Hersonissos GRE"]
[Date "2017.10.28"]
[Round "1.17"]
[Board "2"]
[White "Pasko, Llambi"]
[Black "Ivanisevic, Ivan"]
[Result "0-1"]
[BlackTitle "GM"]
[WhiteElo "2292"]
[BlackElo "2593"]
[WhiteTeam "Albania"]
[BlackTeam "Serbia"]
[WhiteFideId "4701178"]
[BlackFideId "912417"]
[EventDate "2017.10.28"]

1. d4 Nf6 2. Nf3 e6 3. c4 c5 4. d5 d6 5. Nc3 g6 6. e4 Bg7 7. Be2 O-O 8. O-O Re8
9. Nd2 Na6 10. Re1 Nc7 11. a4 b6 12. Qc2 Na6 13. Na2 Bd7 14. Qd3 Rc8 15. dxe6
Rxe6 16. f3 Nh5 17. g3 Qf8 18. Nf1 Bd4+ 19. Kg2 f5 20. exf5 Qxf5 21. Ne3 Bxe3
22. Bxe3 Rce8 23. Bf2 Rxe2 24. Qxe2 Rxe2 25. Rxe2 Bc6 26. Re3 Nf6 27. h3 Nd7 28.
Rd1 Ne5 29. Rxd6 Bxf3+ 30. Kh2 Be4 0-1

[Event "21st European Teams"]
[Site "Hersonissos GRE"]
[Date "2017.10.28"]
[Round "1.17"]
[Board "3"]
[White "Indjic, Aleksandar"]
[Black "Ashiku, Franc"]
[Result "1-0"]
[WhiteTitle "GM"]
[BlackTitle "FM"]
[WhiteElo "2591"]
[BlackElo "2394"]
[WhiteTeam "Serbia"]
[BlackTeam "Albania"]
[WhiteFideId "911925"]
[BlackFideId "4700066"]
[EventDate "2017.10.28"]

1. d4 d5 2. c4 e6 3. Nf3 Nf6 4. Bg5 dxc4 5. Nc3 a6 6. e4 b5 7. e5 h6 8. Bh4 g5
9. Nxg5 hxg5 10. Bxg5 Nbd7 11. exf6 Bb7 12. d5 Bh6 13. Bxh6 Rxh6 14. dxe6 Nxf6
15. exf7+ Kxf7 16. Qxd8 Rxd8 17. f3 Nh5 18. Rd1 Rxd1+ 19. Nxd1 Ng3 20. Rg1 Rxh2
21. Ne3 Bc8 22. Be2 Rh4 23. Kf2 Nh1+ 24. Ke1 Ng3 25. Nf1 Nxe2 26. Kxe2 c3 27.
bxc3 Ra4 28. Ne3 c5 29. Rh1 Kg6 30. Ra1 Be6 31. a3 b4 32. Kd3 bxa3 33. Kc2 a2
34. Kb2 Kg5 35. g3 Bf7 36. Rh1 Be6 37. Re1 Kg6 38. Rc1 Kf6 39. Ra1 Ke5 40. Re1
Kf6 41. Rh1 Kg6 42. Ng2 Kg7 43. Ne3 Kg6 44. Rc1 Kf6 45. Nf1 Ra5 46. Nd2 Rb5+ 47.
Ka1 c4 48. Ne4+ Kg6 49. Kxa2 Bf5 50. Nd6 Ra5+ 51. Kb2 Bd3 52. Ra1 Rxa1 53. Kxa1
Be2 54. f4 Kh5 55. Kb2 Kg6 56. Ka3 Kf6 57. Kb4 a5+ 58. Kxa5 Ke6 59. Ne4 Kf5 60.
Nf2 1-0

[Event "21st European Teams"]
[Site "Hersonissos GRE"]
[Date "2017.10.28"]
[Round "1.17"]
[Board "4"]
[White "Seitaj, Ilir"]
[Black "Sedlak, Nikola"]
[Result "1/2-1/2"]
[WhiteTitle "IM"]
[BlackTitle "GM"]
[WhiteElo "2372"]
[BlackElo "2547"]
[WhiteTeam "Albania"]
[BlackTeam "Serbia"]
[WhiteFideId "4700031"]
[BlackFideId "922900"]
[EventDate "2017.10.28"]

1. e4 e6 2. d4 d5 3. Nc3 Nf6 4. Bg5 Be7 5. e5 Nfd7 6. Bxe7 Qxe7 7. f4 a6 8. Nf3
Nb6 9. Bd3 c5 10. O-O cxd4 11. Nxd4 Nc6 12. Nce2 Na4 13. Rb1 Nc5 14. Qd2 Bd7 15.
c3 Nxd3 16. Qxd3 O-O 17. Qe3 f6 18. Nxc6 bxc6 19. b4 fxe5 20. fxe5 Rxf1+ 21.
Rxf1 c5 22. Qxc5 Qxc5+ 23. bxc5 Bb5 24. Re1 Bxe2 25. Rxe2 Rc8 26. Rb2 Rxc5 27.
Rb6 Kf7 28. Rxa6 Rxc3 29. Kf2 g5 30. g4 Rc2+ 31. Kf3 Rxh2 32. Ra7+ Ke8 33. a4
Rh3+ 34. Kf2 h5 35. gxh5 Rxh5 36. a5 Rh3 37. a6 Ra3 38. Ra8+ Kf7 39. a7 Kg7 40.
Re8 Rxa7 41. Rxe6 Rf7+ 42. Kg3 Rf4 43. Rd6 d4 44. Kh3 Kf7 45. Kg3 Ke7 46. Kh3
Re4 47. Kg3 Re3+ 48. Kf2 Rd3 49. Ke2 Re3+ 50. Kf2 1/2-1/2

[Event "21st European Teams"]
[Site "Hersonissos GRE"]
[Date "2017.10.28"]
[Round "1.18"]
[Board "1"]
[White "Saraci, Nderim"]
[Black "Solak, Dragan"]
[Result "0-1"]
[WhiteTitle "FM"]
[BlackTitle "GM"]
[WhiteElo "2393"]
[BlackElo "2626"]
[WhiteTeam "Kosovo"]
[BlackTeam "Turkey"]
[WhiteFideId "6351921"]
[BlackFideId "916811"]
[EventDate "2017.10.28"]

1. d4 d5 2. c4 c6 3. Nf3 Nf6 4. Nc3 dxc4 5. a4 Bf5 6. Ne5 Nbd7 7. Nxc4 Nb6 8.
Ne5 a5 9. g3 e6 10. Bg2 Bb4 11. O-O O-O 12. e3 h6 13. Qe2 Nfd7 14. e4 Nxe5 15.
exf5 Nec4 16. fxe6 Qxd4 17. Rd1 Qf6 18. Bh3 Bxc3 19. bxc3 Rae8 20. Rd4 fxe6 21.
f4 e5 22. Rxc4 exf4 23. Re4 f3 24. Qa2+ Nd5 25. Qc4 f2+ 26. Kf1 Qf3 0-1

[Event "21st European Teams"]
[Site "Hersonissos GRE"]
[Date "2017.10.28"]
[Round "1.18"]
[Board "2"]
[White "Can, Emre"]
[Black "Makolli, Perparim"]
[Result "1/2-1/2"]
[WhiteTitle "GM"]
[BlackTitle "FM"]
[WhiteElo "2604"]
[BlackElo "2333"]
[WhiteTeam "Turkey"]
[BlackTeam "Kosovo"]
[WhiteFideId "6302181"]
[BlackFideId "908630"]
[EventDate "2017.10.28"]

1. d4 d5 2. Nf3 Nf6 3. c4 dxc4 4. e3 a6 5. Bxc4 e6 6. O-O c5 7. Bb3 Nc6 8. Nc3
Be7 9. dxc5 Qxd1 10. Rxd1 Bxc5 11. Bd2 O-O 12. Rac1 Ba7 13. Na4 Rd8 14. Nc5 Bxc5
15. Rxc5 Ne4 16. Rcc1 Nxd2 17. Nxd2 Kf8 18. Nc4 Rxd1+ 19. Bxd1 Bd7 20. Bf3 Ke7
21. a3 Be8 22. Kf1 Rd8 23. Ke2 Rc8 24. Rc3 Nd8 25. Kd2 Bb5 26. Na5 Rxc3 27. Kxc3
b6 28. Nc4 Bxc4 29. Kxc4 Kd6 30. a4 Nc6 31. Be2 Kc7 32. Kc3 a5 33. f4 Nb4 34. g3
Nd5+ 35. Kd4 Kd6 36. e4 Nc7 37. e5+ Kd7 38. Bc4 Ke7 39. Ke4 g6 40. g4 Ne8 41. f5
Nc7 42. Kf4 h6 43. h4 exf5 44. gxf5 gxf5 45. Kxf5 Ne8 46. Ke4 Nc7 47. b3 Ke8 48.
Kf5 Ke7 49. Kg4 Kf8 50. Kf4 Ke8 51. Ke4 Kf8 52. Bf1 Ke7 53. Be2 Ne6 54. Bc4 Nc7
55. Kf5 Ne8 56. Kg4 Ng7 57. Bd5 Kf8 58. Bc4 Ke7 59. Kf3 Nf5 60. Kg4 Ng7 61. Kf4 1/2-1/2

[Event "21st European Teams"]
[Site "Hersonissos GRE"]
[Date "2017.10.28"]
[Round "1.18"]
[Board "3"]
[White "Ermeni, Avni"]
[Black "Sanal, Vahap"]
[Result "0-1"]
[WhiteTitle "FM"]
[BlackTitle "GM"]
[WhiteElo "2247"]
[BlackElo "2549"]
[WhiteTeam "Kosovo"]
[BlackTeam "Turkey"]
[WhiteFideId "912840"]
[BlackFideId "6300545"]
[EventDate "2017.10.28"]

1. d4 Nf6 2. Nf3 e6 3. g3 d5 4. c4 Bb4+ 5. Bd2 Be7 6. Bg2 O-O 7. Qc2 Nbd7 8. O-O
c6 9. cxd5 exd5 10. Nc3 Re8 11. Bf4 Nf8 12. Rad1 Ng6 13. Ne5 Nxf4 14. gxf4 Ng4
15. e4 dxe4 16. Bxe4 Nf6 17. Bf3 Be6 18. d5 Bxd5 19. Nxd5 cxd5 20. Qb3 Qb6 21.
Bxd5 Nxd5 22. Qxd5 Qf6 23. Qxb7 Qxf4 24. Nd3 Qg4+ 25. Qg2 Qf5 26. Rfe1 Rad8 27.
Qe4 Qg5+ 28. Kh1 g6 29. Qa4 Qh5 30. Kg2 Rf8 31. Re5 Qh6 32. h3 Bf6 33. Re4 Qh5
34. f3 Rd5 35. Qc6 Kg7 36. Qc1 Rfd8 37. Nf2 Rxd1 38. Nxd1 Qd5 39. Nf2 Qxa2 40.
Rb4 Qa5 41. Rb7 Qd5 42. Qc7 Re8 43. Rxa7 Re2 44. Kf1 Rxb2 45. Ra3 Qb5+ 46. Nd3
Rd2 0-1

[Event "21st European Teams"]
[Site "Hersonissos GRE"]
[Date "2017.10.28"]
[Round "1.18"]
[Board "4"]
[White "Yilmazyerli, Mert"]
[Black "Sadiku, Bedri"]
[Result "1-0"]
[WhiteTitle "IM"]
[BlackTitle "IM"]
[WhiteElo "2491"]
[BlackElo "2213"]
[WhiteTeam "Turkey"]
[BlackTeam "Kosovo"]
[WhiteFideId "6305962"]
[BlackFideId "915998"]
[EventDate "2017.10.28"]

1. e4 c5 2. b3 d6 3. Bb2 Nc6 4. Bb5 Bd7 5. f4 a6 6. Bxc6 Bxc6 7. Nc3 Nf6 8. Qe2
e6 9. Nf3 b5 10. e5 Nd5 11. Nxd5 Bxd5 12. O-O dxe5 13. Bxe5 c4 14. bxc4 bxc4 15.
Kh1 f6 16. Bc3 Bc5 17. f5 Qd7 18. Rae1 e5 19. Nxe5 fxe5 20. Qxe5+ Kd8 21. f6 Qc6
22. Qg5 Kc7 23. Ba5+ Kc8 24. fxg7 Rg8 25. Rf8+ Bxf8 26. Qd8+ Kb7 27. Rb1+ Ka7
28. Bb6+ 1-0

[Event "21st European Teams"]
[Site "Hersonissos GRE"]
[Date "2017.10.28"]
[Round "1.19"]
[Board "1"]
[White "Papaioannou, Ioannis"]
[Black "Hristodoulou, Panagiotis"]
[Result "1-0"]
[WhiteTitle "GM"]
[BlackTitle "FM"]
[WhiteElo "2652"]
[BlackElo "2318"]
[WhiteTeam "Greece 1"]
[BlackTeam "Greece - Crete"]
[WhiteFideId "4201345"]
[BlackFideId "4214340"]
[EventDate "2017.10.28"]

1. d4 d5 2. Nf3 Nf6 3. c4 e6 4. g3 dxc4 5. Bg2 Bd7 6. Nbd2 Bc6 7. Nxc4 Bd5 8.
Ne3 c6 9. O-O Be7 10. Nxd5 exd5 11. Qb3 Qb6 12. Qd3 O-O 13. Bg5 Re8 14. Rab1 a5
15. Bxf6 Bxf6 16. e3 Nd7 17. Bh3 Qc7 18. Rfc1 Nb6 19. Nd2 g6 20. a3 a4 21. Rc2
Be7 22. Bg2 Bd6 23. b4 Rac8 24. Bh3 f5 25. Bg2 Kf8 26. Rc3 Qe7 27. Rbc1 Rc7 28.
h4 Rec8 29. Qc2 Kg7 30. Bf1 h6 31. h5 Qg5 32. hxg6 f4 33. exf4 Bxf4 34. Nf3 Qg4
35. Re1 Rf8 36. Nh2 Qg5 37. Re6 Rd7 38. b5 cxb5 39. Rxb6 1-0

[Event "21st European Teams"]
[Site "Hersonissos GRE"]
[Date "2017.10.28"]
[Round "1.19"]
[Board "2"]
[White "Naoum, Spyridon"]
[Black "Banikas, Hristos"]
[Result "0-1"]
[BlackTitle "GM"]
[WhiteElo "2295"]
[BlackElo "2584"]
[WhiteTeam "Greece - Crete"]
[BlackTeam "Greece 1"]
[WhiteFideId "4227506"]
[BlackFideId "4202031"]
[EventDate "2017.10.28"]

1. d4 Nf6 2. c4 e6 3. Nc3 Bb4 4. g3 Bxc3+ 5. bxc3 d6 6. Bg2 O-O 7. Nf3 Nc6 8.
Qd3 Rb8 9. O-O b6 10. Nd2 Qd7 11. g4 Ba6 12. g5 Ne8 13. Ba3 Na5 14. Bb4 Nb7 15.
a4 c5 16. a5 Nc7 17. axb6 axb6 18. dxc5 bxc5 19. Ba5 Nxa5 20. Rxa5 Qe7 21. Rfa1
Rb6 22. h4 f5 23. gxf6 Rxf6 24. Rb1 Rxb1+ 25. Qxb1 Rf8 26. Qb6 Qxh4 27. Ne4 d5
28. Rxc5 dxe4 29. Rxc7 Qf4 30. Qxe6+ Kh8 31. Qe7 Qxf2+ 32. Kh1 Rg8 33. Qxe4 Qg3
34. Ra7 Bc8 35. Qf3 Qh4+ 36. Kg1 Qxc4 37. Ra8 Qc5+ 38. Kh1 Rf8 39. Qg3 h6 40.
Qd3 Qg5 41. Qc4 Qf5 42. Kg1 Rd8 43. Qc7 Rf8 44. Bf3 Qg5+ 45. Kf2 Qh4+ 46. Kg1
Qg5+ 47. Kf2 Qf5 48. c4 Kh7 49. Ra7 Qg5 50. Qe7 Rf6 51. Qe4+ Bf5 52. Qd4 Rg6 53.
Ra1 Qg3+ 54. Ke3 Rd6 55. Qc5 Re6+ 56. Kd2 Qf4+ 57. Kc3 Re3+ 58. Kb2 Re5 59. Qb4
Bg4 60. Bxg4 Qxg4 61. Rc1 Rxe2+ 62. Kb3 Qd4 63. Ka4 Ra2+ 0-1

[Event "21st European Teams"]
[Site "Hersonissos GRE"]
[Date "2017.10.28"]
[Round "1.19"]
[Board "3"]
[White "Mastrovasilis, Dimitrios"]
[Black "Anagnostopoulos, Konstantinos"]
[Result "1-0"]
[WhiteTitle "GM"]
[WhiteElo "2571"]
[BlackElo "2290"]
[WhiteTeam "Greece 1"]
[BlackTeam "Greece - Crete"]
[WhiteFideId "4202694"]
[BlackFideId "4251067"]
[EventDate "2017.10.28"]

1. e4 e5 2. Nf3 Nc6 3. Bb5 a6 4. Ba4 d6 5. O-O Bg4 6. h3 h5 7. Bxc6+ bxc6 8. d4
Bxf3 9. Qxf3 exd4 10. Re1 Qf6 11. Qb3 Ne7 12. c3 d3 13. Qb7 Rd8 14. Nd2 g5 15.
e5 dxe5 16. Ne4 Qe6 17. Bxg5 f5 18. Nc5 Qd5 19. Nxd3 Qxd3 20. Rxe5 Kf7 21. Rae1
Rd7 22. Qb3+ Nd5 23. Rd1 Qb5 24. Qc2 Kg8 25. c4 Qc5 26. Qxf5 Rf7 27. Qg6+ Rg7
28. Qe6+ Rf7 29. Qg6+ Rg7 30. Qe6+ Rf7 31. Be3 Qxc4 32. Rg5+ Bg7 33. Qe8+ Rf8
34. Qe6+ Rf7 35. Rxg7+ Kxg7 36. Bd4+ Kf8 37. Qc8+ Ke7 38. Re1+ 1-0

[Event "21st European Teams"]
[Site "Hersonissos GRE"]
[Date "2017.10.28"]
[Round "1.19"]
[Board "4"]
[White "Papadopoulos, Argirios"]
[Black "Pavlidis, Antonios"]
[Result "0-1"]
[WhiteTitle "FM"]
[BlackTitle "GM"]
[WhiteElo "2182"]
[BlackElo "2546"]
[WhiteTeam "Greece - Crete"]
[BlackTeam "Greece 1"]
[WhiteFideId "4241509"]
[BlackFideId "4212312"]
[EventDate "2017.10.28"]

1. e4 c5 2. Nf3 e6 3. d4 cxd4 4. Nxd4 Nf6 5. Nc3 d6 6. Be2 a6 7. a4 Be7 8. O-O
O-O 9. Be3 Nc6 10. f4 Bd7 11. Bf3 Qc7 12. Nb3 b6 13. g4 Bc8 14. g5 Nd7 15. Bg2
Re8 16. Qh5 g6 17. Qh4 Nb4 18. Rac1 Bb7 19. Rf3 h5 20. Rh3 Bf8 21. Ne2 Bg7 22.
c3 Nd3 23. Rc2 Qc4 24. Nbd4 Qxa4 25. Bd2 e5 26. Rxd3 exd4 27. Rc1 Qc4 28. Qh3
Nc5 29. Rxd4 Qxe2 30. Rxd6 Nxe4 0-1

[Event "21st European Teams"]
[Site "Hersonissos GRE"]
[Date "2017.10.28"]
[Round "1.20"]
[Board "1"]
[White "Tate, Alan"]
[Black "Lupulescu, Constantin"]
[Result "0-1"]
[WhiteTitle "FM"]
[BlackTitle "GM"]
[WhiteElo "2366"]
[BlackElo "2620"]
[WhiteTeam "Scotland"]
[BlackTeam "Romania"]
[WhiteFideId "2401878"]
[BlackFideId "1207822"]
[EventDate "2017.10.28"]

1. e4 e6 2. d4 d5 3. Nd2 c5 4. Ngf3 cxd4 5. exd5 Qxd5 6. Bc4 Qd7 7. O-O Nc6 8.
Nb3 a6 9. a4 Nf6 10. Qe2 Bd6 11. Rd1 O-O 12. Nbxd4 e5 13. Nxc6 Qxc6 14. Bg5 Bc7
15. h3 h6 16. Bxf6 Qxf6 17. Bd5 Rb8 18. Ra3 Bf5 19. Nd2 e4 20. Nxe4 Qxb2 21. Re3
Rbd8 22. c4 Qxe2 23. Rxe2 b6 24. Nc3 Bd6 25. Bb7 Bc5 26. Nd5 a5 27. Bc6 Be6 28.
Bb5 Rd6 29. Ne7+ Kh7 30. Rxd6 Bxd6 31. Nd5 Bc5 32. Nc7 Bc8 33. Rd2 Bb4 34. Rd1
Bf5 35. Nd5 Bc5 36. Ne3 Be6 37. Nd5 Bf5 38. Ne3 Be6 39. Nd5 Kg8 40. Nc7 Bf5 41.
Nd5 Rc8 42. Rd2 Kf8 43. Re2 h5 44. h4 Rd8 45. Kh2 g6 46. f3 Rd6 47. Re8+ Kg7 48.
Ra8 Bc2 49. Re8 Re6 50. Nc3 Rxe8 51. Bxe8 Bd3 52. Bb5 Kf6 53. f4 Ke6 54. Kg3 Bd4
55. Nd5 Be4 56. Nc7+ Kd6 57. Na6 f6 58. Kh3 Bf5+ 59. Kg3 Be4 60. Kh3 Be3 61. g3
g5 62. fxg5 fxg5 63. g4 Bf3 64. gxh5 g4+ 65. Kg3 Bd4 66. Nb8 Be5+ 67. Kf2 Bb7 0-1

[Event "21st European Teams"]
[Site "Hersonissos GRE"]
[Date "2017.10.28"]
[Round "1.20"]
[Board "2"]
[White "Deac, Bogdan-Daniel"]
[Black "Berry, Neil"]
[Result "1-0"]
[WhiteTitle "GM"]
[BlackTitle "FM"]
[WhiteElo "2560"]
[BlackElo "2283"]
[WhiteTeam "Romania"]
[BlackTeam "Scotland"]
[WhiteFideId "1226380"]
[BlackFideId "2400650"]
[EventDate "2017.10.28"]

1. c4 e6 2. Nf3 d5 3. e3 Nf6 4. b3 c5 5. Bb2 Nc6 6. cxd5 exd5 7. Bb5 Bd6 8. O-O
O-O 9. d4 cxd4 10. Nxd4 Bd7 11. Be2 Re8 12. Nd2 Rc8 13. N2f3 Bb8 14. Rc1 Qe7 15.
Nxc6 Bxc6 16. Qd4 Qe4 17. Qd2 Qe7 18. Rc2 Ne4 19. Qd4 f6 20. a4 Qd6 21. Rd1 Ng5
22. g3 Re4 23. Qd3 Nf7 24. Qxd5 Bxd5 25. Rxc8+ Nd8 26. Bc4 Rxc4 27. bxc4 Bc7 28.
Rxd5 Qe7 29. Nd4 g6 30. Nb5 Ba5 31. Bc3 Bb6 32. a5 Qe6 33. Ra8 1-0

[Event "21st European Teams"]
[Site "Hersonissos GRE"]
[Date "2017.10.28"]
[Round "1.20"]
[Board "3"]
[White "Burnett, Andrew"]
[Black "Szabo, Gergely-Andras-Gyula"]
[Result "0-1"]
[WhiteTitle "FM"]
[BlackTitle "GM"]
[WhiteElo "2226"]
[BlackElo "2563"]
[WhiteTeam "Scotland"]
[BlackTeam "Romania"]
[WhiteFideId "2400855"]
[BlackFideId "1205064"]
[EventDate "2017.10.28"]

1. d4 e6 2. Nf3 Nf6 3. Bf4 d5 4. e3 c5 5. c3 Nc6 6. Nbd2 Bd6 7. Bg3 O-O 8. Bd3
b6 9. Ne5 Ne7 10. Qf3 Bb7 11. O-O Qc7 12. Rfe1 Rad8 13. a4 Ne8 14. e4 f6 15. Qg4
Bc8 16. Qh3 g6 17. f4 cxd4 18. cxd4 fxe5 19. Rac1 Qb7 20. fxe5 Bb4 21. Rc2 dxe4
22. Rxe4 Bxd2 23. Rxd2 Nf5 24. Bf2 Qd5 25. g4 Bb7 26. gxf5 exf5 27. Rc2 Kh8 28.
e6 fxe4 29. Bc4 Qg5+ 30. Qg3 Qf6 31. Qg4 Nd6 32. Bh4 Qxd4+ 33. Rf2 Nf5 0-1

[Event "21st European Teams"]
[Site "Hersonissos GRE"]
[Date "2017.10.28"]
[Round "1.20"]
[Board "4"]
[White "Nevednichy, Vladislav"]
[Black "Grant, Jonathan I M"]
[Result "1-0"]
[WhiteTitle "GM"]
[WhiteElo "2524"]
[BlackElo "2179"]
[WhiteTeam "Romania"]
[BlackTeam "Scotland"]
[WhiteFideId "1205730"]
[BlackFideId "2400294"]
[EventDate "2017.10.28"]

1. e4 c6 2. c4 d5 3. exd5 cxd5 4. cxd5 Nf6 5. Nc3 Nxd5 6. Nf3 Nxc3 7. bxc3 Qc7
8. Bb5+ Bd7 9. a4 e6 10. O-O Bd6 11. Ba3 O-O 12. Qe2 Bc6 13. Bxd6 Qxd6 14. Nd4
Nd7 15. a5 Qd5 16. Nxc6 bxc6 17. Bc4 Qd6 18. Rfb1 Rab8 19. Qe3 c5 20. g3 Ne5 21.
Be2 Qd5 22. a6 Nc4 23. Bxc4 Rxb1+ 24. Rxb1 Qxc4 25. Rb7 Qxa6 26. Rc7 Rb8 27. Kg2
Rc8 28. Qd3 c4 29. Qd7 Rf8 30. Rxa7 Qc8 31. Qd6 h6 32. Kf1 Qd8 33. Qxd8 Rxd8 34.
Ke2 Rc8 35. h4 Rc5 36. f3 g6 37. Rd7 Kg7 38. d4 cxd3+ 39. Kxd3 Kf6 40. c4 e5 41.
Rb7 Rc8 42. Kc3 Ke6 43. g4 Ra8 44. Rb6+ Ke7 45. c5 h5 46. g5 Ra4 47. Rb4 Ra3+
48. Kc4 Rxf3 49. Kd5 f6 50. Rb7+ Kd8 51. Rg7 fxg5 52. hxg5 e4 53. Rxg6 e3 54.
Kd6 Rf8 55. Rg7 Rh8 56. Ra7 Ke8 57. Ra8+ 1-0

[Event "21st European Teams"]
[Site "Hersonissos GRE"]
[Date "2017.10.29"]
[Round "2.1"]
[Board "1"]
[White "Aronian, Levon"]
[Black "Papaioannou, Ioannis"]
[Result "1-0"]
[WhiteTitle "GM"]
[BlackTitle "GM"]
[WhiteElo "2801"]
[BlackElo "2652"]
[WhiteTeam "Armenia"]
[BlackTeam "Greece 1"]
[WhiteFideId "13300474"]
[BlackFideId "4201345"]
[EventDate "2017.10.28"]

1. c4 e5 2. g3 c6 3. Nf3 e4 4. Nd4 d5 5. cxd5 Qxd5 6. Nc2 Nf6 7. Nc3 Qh5 8. Ne3
Bc5 9. Qc2 Qe5 10. Bg2 Bxe3 11. fxe3 Bf5 12. b4 O-O 13. Bb2 Nbd7 14. O-O Qe6 15.
b5 Bg6 16. Qb3 Nd5 17. Rac1 N7f6 18. Nxd5 Nxd5 19. Rc5 Rfd8 20. bxc6 bxc6 21.
Qc4 Rac8 22. Rc1 h5 23. Rxc6 Rxc6 24. Qxc6 Qg4 25. Qb5 h4 26. gxh4 Qxh4 27. Bd4
Kh7 28. Rf1 Qg4 29. Rf2 Qe6 30. Qb1 Nf6 31. Qb3 Qe7 32. Rf1 Ng4 33. h3 Nh6 34.
Rf4 Qg5 35. Bc3 Qg3 36. Qb7 Bf5 37. Qe7 Rb8 38. Rf1 f6 39. Bxf6 Qg6 40. Bc3 Rb5
41. Qh4 1-0

[Event "21st European Teams"]
[Site "Hersonissos GRE"]
[Date "2017.10.29"]
[Round "2.1"]
[Board "2"]
[White "Banikas, Hristos"]
[Black "Movsesian, Sergei"]
[Result "1-0"]
[WhiteTitle "GM"]
[BlackTitle "GM"]
[WhiteElo "2584"]
[BlackElo "2671"]
[WhiteTeam "Greece 1"]
[BlackTeam "Armenia"]
[WhiteFideId "4202031"]
[BlackFideId "310204"]
[EventDate "2017.10.28"]

1. d4 Nf6 2. c4 e6 3. g3 d5 4. Bg2 Be7 5. Nf3 O-O 6. O-O dxc4 7. Qc2 a6 8. a4
Bd7 9. Rd1 Bc6 10. Nc3 Bxf3 11. Bxf3 Nc6 12. Bxc6 bxc6 13. Bg5 Rb8 14. Rac1 Qd6
15. Bxf6 gxf6 16. e3 Qb4 17. Rd2 Qa5 18. Qe4 Rb6 19. Rdc2 Rfb8 20. Nd1 Qxa4 21.
Qg4+ Kf8 22. Qh5 Kg7 23. Qg4+ Kf8 24. Rxc4 Qa5 25. Qf4 Qd5 26. e4 Qd8 27. d5 c5
28. Ne3 Kg7 29. Rd1 Bd6 30. Qg4+ Kh8 31. dxe6 Qg8 32. Qf5 fxe6 33. Qxf6+ Qg7 34.
Qxg7+ Kxg7 35. e5 Bxe5 36. Rd7+ Kh8 37. Ng4 Bxb2 38. Rxc5 Rd6 39. Rdxc7 Bg7 40.
Ra7 Rd4 41. Rg5 Rg8 42. Rxa6 Rd5 43. Rxd5 exd5 44. Rd6 d4 45. Rd5 Re8 46. h4 Kg8
47. Rd7 Re4 48. Nh2 h6 49. Kg2 Kf8 50. Kf3 Re1 51. h5 Re5 52. g4 Re1 53. Kg3
Rg1+ 54. Kh3 Re1 55. Nf3 Re2 56. Kg3 Re4 57. Nh4 Be5+ 58. Kh3 Ke8 59. Rd5 Kf7
60. Nf5 Ke6 61. Rd8 Bf6 62. Rd6+ Ke5 63. Kg3 Bg5 64. f3 Rf4 65. Rd7 d3 66. Rxd3
Ra4 67. Ne3 Bf4+ 68. Kh3 Ra1 69. Nc4+ Kf6 70. Rd4 Bc7 71. Kg2 Kg5 72. Rd2 Bf4
73. Rc2 Rd1 74. Kf2 Kh4 75. Ne3 1-0

[Event "21st European Teams"]
[Site "Hersonissos GRE"]
[Date "2017.10.29"]
[Round "2.1"]
[Board "3"]
[White "Sargissian, Gabriel"]
[Black "Pavlidis, Antonios"]
[Result "1-0"]
[WhiteTitle "GM"]
[BlackTitle "GM"]
[WhiteElo "2657"]
[BlackElo "2546"]
[WhiteTeam "Armenia"]
[BlackTeam "Greece 1"]
[WhiteFideId "13300881"]
[BlackFideId "4212312"]
[EventDate "2017.10.28"]

1. Nf3 Nf6 2. g3 g6 3. Bg2 Bg7 4. O-O O-O 5. d4 d5 6. c3 Nbd7 7. Bf4 Nh5 8. Be3
Nhf6 9. Qc1 Re8 10. c4 dxc4 11. Qxc4 Nb6 12. Qc1 Bf5 13. Bh6 Rc8 14. Bxg7 Kxg7
15. Nc3 c5 16. Rd1 Qc7 17. d5 Rcd8 18. Nh4 Bd7 19. b3 c4 20. Qb2 Kg8 21. Rac1
Rc8 22. Nf3 Red8 23. h3 Be8 24. e4 a6 25. Qd2 Kg7 26. Nd4 Qc5 27. e5 Nfxd5 28.
Nxd5 Rxd5 29. Bxd5 Qxd5 30. Nf5+ gxf5 31. Qg5+ 1-0